Estadísticas para Países por una sola Pista #12

Haz click aquí para intentar la prueba.

Estadísticas generales

  • Esta prueba ha sido intentada 5.521 veces
  • La puntuación promedio es 14 de 20

Estadísticas de respuestas

PistaPaís% Correcto
Messi y Maradona nacieron en este paísArgentina
99%
Donde encontrarías la Gran EsfingeEgipto
97%
Frecuentemente amenaza a mandar bombas
nucleares a EE. UU. y a otros países
Corea del Norte
92%
Donde la capital del imperio Inca se localizóPerú
92%
País insular más grande en el mar CaribeCuba
91%
Dubái es su ciudad más grandeEmiratos Árabes
Unidos
90%
País que hace muñecas que se mete en otra muñeca
que se mete en otra muñeca, etc.
Rusia
87%
Estos "Estados Federados" consisten de 607 pequeñas islas en el PacíficoE.F. Micronesia
82%
Su capital es MinskBielorrusia
79%
País más pobre en las AméricasHaití
77%
Un puente conecta este país a SingapurMalasia
75%
Donde puedes encontrar el Salto Ángel,
la cascada más alta del mundo
Venezuela
67%
País donde el rey da 5 de los 6 Premios NobelSuecia
65%
País asiático que está a 10 millas de YibutiYemen
55%
Rovaniemi en Laponia está en el norte de este paísFinlandia
50%
La Corte Internacional de Justicia se localiza aquíPaíses Bajos
49%
El queso feta viene de aquíGrecia
47%
Rusia invadió este país en el 2008, tomando la región de Osetia del SurGeorgia
46%
Fue el primer país en ganar independencia en Oceanía,
después de Australia y Nueva Zelanda
Samoa
41%
Su capital fue la sede de los Juegos Olímpicos de invierno de 1984Bosnia y Herzegovina
19%

Distribución de puntuación

Porcentaje por número respondido

Porcentaje de gente con cada puntuación

Historial de tus puntuaciones

No has intentado esta prueba.